000 00325nam a22001457a 4500
008 210302b ||||| |||| 00| 0 eng d
020 _a9781936765096
041 _aeng
080 _a37
082 _a37
100 _a25
101 _aEDU
245 _aEvery School Every team, every classroom
_cEaker,R
942 _2udc
_cBK
999 _c55428
_d55428